Gaming Quiz

Random Gaming Quiz

Game by Specific Cards Quiz Stats

 Plays Quiz not verified by Sporcle

Challenge
Share
Tweet
Embed
Score 0/15 Timer 03:00
0 Plays Today
Hint Answer % Correct
You have won second prize in a beauty contest! Collect $10Monopoly
100%
Mrs. PeacockClue
94.1%
Road Building. Place 2 new roads as if you had just built them.Settlers of Catan
70.6%
KamchatkaRisk
70.6%
Birds of Paradise - Summon Mana BirdsMagic: The Gathering
47.1%
4 - Must move one man Backward 4 squares.Sorry!
47.1%
Level 18 Squidzilla!Munchkin
29.4%
NOPE! The Pope of Nope has spoken.Exploding Kittens
29.4%
Hint Answer % Correct
EVENT - One Quiet NightPandemic
23.5%
(blank), high five, bro!Cards Against Humanity
23.5%
Village +1 cards, +2 actionsDominion
17.6%
Food 1: Add 1 food token to the food supply.Dead of Winter
11.8%
Wasabi - next nigiri x3Sushi Go!
11.8%
Olaf's Blessed Statue - Gain 20 CrystalsSeasons
5.9%
Rescue Specialist - 3 free movement APFlash Point
5.9%

You're not logged in!

Compare scores with friends on all Sporcle quizzes.
Join for Free
OR
Log In

You Might Also Like...

Show Comments

Extras

Created Jun 4, 2016ReportNominate
Tags:specific

Top Quizzes Today


Score Distribution

Your Account Isn't Verified!

In order to create a playlist on Sporcle, you need to verify the email address you used during registration. Go to your Sporcle Settings to finish the process.

Report this User

Report this user for behavior that violates our Community Guidelines.

Details: